000
00349nam a2200133Ia 4500
008
100328s9999 xx 000 0 und d
082
_b
67191
100
_a
हरकारे अरुण.
245
_a
कामिनी.
260
_b
नंदादीप.
630
_a
कामिनी.
730
_a
कामिनी.
942
_c
BOOK
999
_c
552930
_d
552927